|
|
|
|
| LEADER |
01965nam a2200433 a 4500 |
| 001 |
EBC769614 |
| 003 |
MiAaPQ |
| 005 |
20200520144314.0 |
| 006 |
m o d | |
| 007 |
cr cn||||||||| |
| 008 |
071030s2008 njua sb 001 0 eng d |
| 010 |
|
|
|z 2007044141
|
| 020 |
|
|
|z 9780691130774 (cloth : alk. paper)
|
| 020 |
|
|
|z 0691130779 (cloth : alk. paper)
|
| 020 |
|
|
|z 9780691148212
|
| 020 |
|
|
|a 9781400839223 (electronic bk.)
|
| 035 |
|
|
|a (MiAaPQ)EBC769614
|
| 035 |
|
|
|a (Au-PeEL)EBL769614
|
| 035 |
|
|
|a (CaPaEBR)ebr10496618
|
| 035 |
|
|
|a (CaONFJC)MIL325603
|
| 035 |
|
|
|a (OCoLC)757515796
|
| 040 |
|
|
|a MiAaPQ
|c MiAaPQ
|d MiAaPQ
|
| 050 |
|
4 |
|a HJ141
|b .K36 2008
|
| 082 |
0 |
4 |
|a 336.2001
|2 22
|
| 100 |
1 |
|
|a Kaplow, Louis.
|
| 245 |
1 |
4 |
|a The theory of taxation and public economics
|h [electronic resource] /
|c Louis Kaplow.
|
| 260 |
|
|
|a Princeton, N.J. :
|b Princeton University Press,
|c c2008.
|
| 300 |
|
|
|a xx, 472 p. :
|b ill.
|
| 504 |
|
|
|a Includes bibliographical references (p. [417]-454) and index.
|
| 505 |
0 |
|
|a Framework. An integrated view; The social objective -- Optimal taxation. Optimal income taxation; Elaboration and extensions; Income and commodity taxation -- Government expenditures. Transfer payments; Goods and services -- Additional aspects of taxation. Taxation of capital; Taxation of transfers; Taxation and social security; Taxation of families -- Distributive justice and social welfare. Welfare; Social welfare function; Other normative criteria.
|
| 533 |
|
|
|a Electronic reproduction. Ann Arbor, MI : ProQuest, 2015. Available via World Wide Web. Access may be limited to ProQuest affiliated libraries.
|
| 650 |
|
0 |
|a Finance, Public.
|
| 650 |
|
0 |
|a Taxation.
|
| 650 |
|
0 |
|a Income tax.
|
| 650 |
|
0 |
|a Welfare economics.
|
| 650 |
|
0 |
|a Distributive justice.
|
| 655 |
|
4 |
|a Electronic books.
|
| 710 |
2 |
|
|a ProQuest (Firm)
|
| 856 |
4 |
0 |
|u https://ebookcentral.proquest.com/lib/matrademy/detail.action?docID=769614
|z Click to View
|